01571nam a2200385Ia 4500001001200000003000800012006001900020007001500039008004100054010001700095020001500112020001500127024001800142040002100160035002100181050002300202082002000225245013400245250001200379260004300391300002600434490005800460504005100518533015200569650003600721651002700757651005600784651005200840655002900892700004500921710001700966830005900983856012601042999001701168ebr10150384CaPaEBRm u cr cn|||||||||051206s2006 nyuab sb 001 0 eng d z 2005058615 z1403983208 z140397246X3 z9781403972460 aCaPaEBRcCaPaEBR a(OCoLC)56796497114aUA832b.C75 2006eb04a355/.03305622200aCritical issues facing the Middle Easth[electronic resource] :bsecurity, politics, and economics /cedited by James A. Russell. a1st ed. aNew York :bPalgrave Macmillan,c2006. a224 p. :bill., maps.1 aInitiatives in strategic studies--issues and policies aIncludes bibliographical references and index. aElectronic reproduction.bPalo Alto, Calif. :cebrary,d2009.nAvailable via World Wide Web.nAccess may be limited to ebrary affiliated libraries. 0aNational securityzMiddle East. 0aMiddle EastxDefenses. 0aMiddle EastxPolitics and governmenty21st century. 0aMiddle EastxEconomic conditionsy21st century. 7aElectronic books.2local1 aRussell, James A.q(James Avery),d1958-2 aebrary, Inc. 0aInitiatives in strategic studies--issues and policies.40uhttp://site.ebrary.com/lib/rucke/Doc?id=10150384zAn electronic book accessible through the World Wide Web; click to view c94582d94582